Sawikain (idyoma at talinghagang bukambibig) : (Record no. 9466)

MARC details
000 -LEADER
fixed length control field 00606nam a22001817a 4500
003 - CONTROL NUMBER IDENTIFIER
control field OSt
005 - DATE AND TIME OF LATEST TRANSACTION
control field 20260415080620.0
008 - FIXED-LENGTH DATA ELEMENTS--GENERAL INFORMATION
fixed length control field 260415b |||||||| |||| 00| 0 eng d
020 ## - INTERNATIONAL STANDARD BOOK NUMBER
International Standard Book Number 9789715980500
040 ## - CATALOGING SOURCE
Original cataloging agency DWCL - Main LIb.
Transcribing agency OC
082 ## - DEWEY DECIMAL CLASSIFICATION NUMBER
Classification number Fil. 418 T691 2007
100 ## - MAIN ENTRY--PERSONAL NAME
Personal name Torrenueva, Cristina
Relator term Author
245 ## - TITLE STATEMENT
Title Sawikain (idyoma at talinghagang bukambibig) :
Remainder of title with a little Cebuano /
Statement of responsibility, etc. Cristina Torrenueva
260 ## - PUBLICATION, DISTRIBUTION, ETC.
Place of publication, distribution, etc. Sta. Cruz, Manila :
Name of publisher, distributor, etc. 827 Publications,
Date of publication, distribution, etc. c2007.
300 ## - PHYSICAL DESCRIPTION
Extent 100 pages ;
Dimensions 18 cm.
650 ## - SUBJECT ADDED ENTRY--TOPICAL TERM
Topical term or geographic name entry element 1. Idiomatic expressions - Filipino language.
942 ## - ADDED ENTRY ELEMENTS (KOHA)
Source of classification or shelving scheme Dewey Decimal Classification
Koha item type Book-Filipiniana
Suppress in OPAC No
952 ## - LOCATION AND ITEM INFORMATION (KOHA)
--
952 ## - LOCATION AND ITEM INFORMATION (KOHA)
--
952 ## - LOCATION AND ITEM INFORMATION (KOHA)
--
952 ## - LOCATION AND ITEM INFORMATION (KOHA)
--
952 ## - LOCATION AND ITEM INFORMATION (KOHA)
--
Holdings
Withdrawn status Lost status Source of classification or shelving scheme Damaged status Not for loan Home library Current library Shelving location Date acquired Source of acquisition Total Checkouts Full call number Barcode Date last seen Copy number Price effective from Koha item type Uniform Resource Identifier
    Dewey Decimal Classification     Junior High School Library Junior High School Library Filipiniana 12/01/2009 Library Fund   Fil. 418 T691 2007 JHS - 15433 04/15/2026 c1 04/15/2026 BK - FIL
    Dewey Decimal Classification     Junior High School Library Junior High School Library Filipiniana 12/01/2009 Library Fund   Fil. 418 T691 2007 JHS - 15434 04/15/2026 c2 04/15/2026 BK - FIL
    Dewey Decimal Classification     Junior High School Library Junior High School Library Filipiniana 12/01/2009 Library Fund   Fil. 418 T691 2007 JHS - 15435 04/15/2026 c3 04/15/2026 BK - FIL
    Dewey Decimal Classification     Junior High School Library Junior High School Library Filipiniana 12/01/2009 Library Fund   Fil. 418 T691 2007 JHS - 15436 04/15/2026 c4 04/15/2026 BK - FIL
    Dewey Decimal Classification     Junior High School Library Junior High School Library Filipiniana 12/01/2009 Library Fund   Fil. 418 T691 2007 JHS - 15437 04/15/2026 c5 04/15/2026 BK - FIL